000 00507nam a2200169Ia 4500
999 _c12210
_d12210
003 OSt
005 20201109104804.0
008 190216s9999||||xx |||||||||||||| ||und||
040 _coclc
082 _a813.54
_bLAR/R
100 _aLarry, Forrester
_96334
245 0 _aReader's Digest Condensed Books /
_cForrester Larry
260 _bHodder Education,
_c1978.
_aLondon:
300 _a540p
650 _aEnglish Novel-English Novel
942 _cBK
_2ddc
_h813.54
_iLAR/R
_k813.54
_mLAR/R